[Event "DSOL 2021"]
[Site "Germany"]
[Date "2021.03.24"]
[Round "7.1"]
[White "Flach, Erich"]
[Black "Ophuels, Jan"]
[Result "1-0"]
[WhiteElo "1494"]
[BlackElo "2080"]
[Annotator "TA"]
[PlyCount "85"]
[EventDate "2021.01.18"]
[EventType "team-tourn"]
[EventCountry "GER"]
[SourceTitle "playchess.com"]
[Source "ChessBase"]
[SourceQuality "1"]

1. c4 f5 2. g3 Nf6 3. Bg2 g6 4. Nc3 Bg7 5. e3 O-O 6. Nge2 e5 7. O-O c6 8. d4 d6 9. Rb1 a5 10. a3 Re8 11. b4 exd4 12. Nxd4 Ne4 13. Bb2 axb4 14. axb4 Be6 15. Nxe6 Rxe6 16. Nxe4 fxe4 17. Qg4 Qe7 18. Bh3 Rf6 19. Bxf6 Bxf6 20. Bg2 Nd7 21. Qxe4 Ne5 22. b5 Ra4 23. bxc6 bxc6 24. Rb8+ Kg7 25. Qb1 Kh6 26. Rb4 Ra7 27. Rd1 Qe6 28. Qe4 Ra2 29. h3 Qd7 30. Rdb1 Qa7 31. Qf4+ Bg5 32. Qf8+ Kh5 33. Bf3+ Nxf3+ 34. Qxf3+ Kh6 35. Qf8+ Qg7 36. Qxg7+ Kxg7 37. Rb6 Rc2 38. Rxc6 Be7 39. Rb7 Kf6 40. Rcc7 Bd8 41. Rd7 Ba5 42. Rxd6+ Ke5 43. Rd5+ 1-0

[Event "DSOL 2021"]
[Site "Germany"]
[Date "2021.03.23"]
[Round "7.1"]
[White "Stoetzel, Martin"]
[Black "Semenchenko, Dimitri"]
[Result "0-1"]
[WhiteElo "1472"]
[BlackElo "1586"]
[Annotator "NA RC"]
[PlyCount "50"]
[EventDate "2021.01.18"]
[EventType "team-tourn"]
[EventCountry "GER"]
[SourceTitle "playchess.com"]
[Source "ChessBase"]
[SourceQuality "1"]

1. e4 e6 2. d4 d5 3. exd5 exd5 4. Nf3 Nf6 5. Bd3 Bd6 6. O-O O-O 7. Bg5 h6 8. Bh4 Re8 9. Nbd2 Nbd7 10. Re1 c6 11. Rxe8+ Qxe8 12. Qe1 g5 13. Bg3 Bxg3 14. hxg3 Nf8 15. Qe5 Qxe5 16. Nxe5 Be6 17. b4 a5 18. b5 Bd7 19. bxc6 Bxc6 20. Nxc6 bxc6 21. Rb1 Ne6 22. c3 c5 23. Bf5 cxd4 24. Bxe6 dxc3 25. Ne4 dxe4 0-1

[Event "DSOL 2021"]
[Site "Germany"]
[Date "2021.03.26"]
[Round "7.2"]
[White "Hoffmann, Hendrik"]
[Black "Grigorian, Spartak"]
[Result "1/2-1/2"]
[WhiteElo "2242"]
[BlackElo "2458"]
[Annotator "TA"]
[PlyCount "91"]
[EventDate "2021.01.18"]
[EventType "team-tourn"]
[EventCountry "GER"]
[SourceTitle "playchess.com"]
[Source "ChessBase"]
[SourceQuality "1"]
[WhiteTeam "SG Leipzig"]
[BlackTeam "SV Werder Bremen I"]

1. e4 c5 2. Nf3 d6 3. d4 cxd4 4. Nxd4 Nf6 5. Nc3 a6 6. Bg5 e6 7. f4 h6 8. Bh4 Qb6 9. Qd2 Qxb2 10. Rb1 Qa3 11. Bxf6 gxf6 12. Be2 Nc6 13. f5 Qc5 14. Nb3 Qe5 15. O-O h5 16. Na4 b5 17. Nb6 Rb8 18. Nxc8 Rxc8 19. c4 Bh6 20. Qd1 h4 21. cxb5 axb5 22. Qd3 b4 23. Kh1 h3 24. gxh3 Bg5 25. Bg4 Ke7 26. Rbe1 Ra8 27. Re2 Rhc8 28. Rc2 Nd8 29. Rff2 Nb7 30. Rfe2 Rc3 31. Rxc3 bxc3 32. Nd4 Rc8 33. fxe6 fxe6 34. Nxe6 Nc5 35. Qc4 c2 36. Nxg5 Qa1+ 37. Kg2 c1=Q 38. Qf7+ Kd8 39. Qf8+ Kc7 40. Qxc8+ Kb6 41. Qd8+ Kc6 42. Qa8+ Kb5 43. Qb8+ Kc6 44. Qa8+ Kb6 45. Qd8+ Kc6 46. Qa8+ 1/2-1/2

[Event "DSOL 2021"]
[Site "Germany"]
[Date "2021.03.26"]
[Round "7.2"]
[White "Junker, Reiner"]
[Black "Weber, Marc"]
[Result "1-0"]
[WhiteElo "2238"]
[BlackElo "1601"]
[Annotator "RC"]
[PlyCount "107"]
[EventDate "2021.01.18"]
[EventType "team-tourn"]
[EventCountry "GER"]
[SourceTitle "playchess.com"]
[Source "ChessBase"]
[SourceQuality "1"]
[WhiteTeam "SK Ludwigshafen I"]
[BlackTeam "SV Walldorf I"]

1. g3 d5 2. Bg2 e5 3. d3 Nf6 4. Nf3 Bd6 5. O-O O-O 6. Nc3 Re8 7. e4 d4 8. Ne2 c5 9. Ne1 Nc6 10. f4 h6 11. f5 Bd7 12. h3 b5 13. g4 c4 14. Ng3 Nh7 15. Qf3 Be7 16. Nh5 Bg5 17. Qf2 Rc8 18. Bxg5 hxg5 19. Nf3 cxd3 20. cxd3 Nb4 21. Ne1 a5 22. Qd2 Rc6 23. Bf3 g6 24. Ng3 Qc7 25. Bd1 Rc8 26. Bb3 Be8 27. a3 Na6 28. Bd5 Rd6 29. Nf3 Rxd5 30. exd5 Nc5 31. Rac1 Qd7 32. fxg6 fxg6 33. Qc2 a4 34. Qe2 Nf6 35. Nxe5 Qd6 36. Rf3 Nxd5 37. Rcf1 Nf4 38. Rxf4 gxf4 39. Rxf4 Ne6 40. Rf1 Ng5 41. h4 Nf7 42. Re1 Qxe5 43. Qxe5 Nxe5 44. Rxe5 Bd7 45. Ne4 Rc1+ 46. Kf2 Rc2+ 47. Kg3 Bc6 48. Rc5 Rxb2 49. Rxc6 Rb3 50. Kf4 Rxd3 51. Rc7 Rxa3 52. Kg5 b4 53. Nf6+ Kf8 54. Kxg6 1-0

[Event "DSOL 2021"]
[Site "Germany"]
[Date "2021.03.23"]
[Round "7.2"]
[White "Ramirez Marin, Ivan"]
[Black "Bluebaum, Matthias"]
[Result "0-1"]
[WhiteElo "2227"]
[BlackElo "2672"]
[Annotator "TA"]
[PlyCount "46"]
[EventDate "2021.01.18"]
[EventType "team-tourn"]
[EventCountry "GER"]
[SourceTitle "playchess.com"]
[Source "ChessBase"]
[SourceQuality "1"]

1. c4 e6 2. Nc3 d5 3. e3 Nf6 4. Nf3 dxc4 5. Bxc4 a6 6. d4 b5 7. Be2 Bb7 8. a3 Nbd7 9. O-O Bd6 10. Qc2 O-O 11. e4 e5 12. d5 c6 13. dxc6 Bxc6 14. Bg5 h6 15. Rad1 Qc7 16. Bh4 Rad8 17. Rd2 g5 18. Bg3 Nc5 19. Rxd6 Qxd6 20. Nxe5 Bxe4 21. Nxe4 Ncxe4 22. Nxf7 Qd2 23. Qc7 Rxf7 0-1

[Event "DSOL 2021"]
[Site "Germany"]
[Date "2021.03.24"]
[Round "7.2"]
[White "Wolter, Detlev"]
[Black "Florstedt, Johannes"]
[Result "0-1"]
[WhiteElo "2202"]
[BlackElo "2330"]
[Annotator "RC"]
[PlyCount "72"]
[EventDate "2021.01.18"]
[EventType "team-tourn"]
[EventCountry "GER"]
[SourceTitle "playchess.com"]
[Source "ChessBase"]
[SourceQuality "1"]

1. d4 Nf6 2. c4 g6 3. Nf3 Bg7 4. g3 O-O 5. Bg2 d5 6. cxd5 Nxd5 7. O-O Nc6 8. e4 Nb6 9. d5 Na5 10. Na3 c6 11. Qe1 Nac4 12. Nxc4 Nxc4 13. dxc6 bxc6 14. Qe2 Ba6 15. Qc2 Na3 16. Qxc6 Bxf1 17. Bxf1 Rc8 18. Qa6 Nc2 19. Rb1 Qd1 20. Kg2 Ne1+ 21. Nxe1 Qxe1 22. Qe2 Qxe2 23. Bxe2 Bd4 24. Bd1 Rfd8 25. Bb3 Kg7 26. f4 Bb6 27. Kf3 h5 28. Ke2 Bg1 29. h3 Bh2 30. g4 hxg4 31. hxg4 g5 32. fxg5 Be5 33. Be3 a6 34. Rf1 e6 35. Bc1 Rh8 36. Rf3 Rxc1 0-1

[Event "DSOL 2021"]
[Site "Germany"]
[Date "2021.03.23"]
[Round "7.2"]
[White "Engers, Felix"]
[Black "Browning, Alex"]
[Result "1/2-1/2"]
[WhiteElo "2198"]
[BlackElo "2307"]
[Annotator "TA"]
[PlyCount "91"]
[EventDate "2021.01.18"]
[EventType "team-tourn"]
[EventCountry "GER"]
[SourceTitle "playchess.com"]
[Source "ChessBase"]
[SourceQuality "1"]

1. c4 Nf6 2. g3 g6 3. Bg2 Bg7 4. Nc3 O-O 5. e4 d6 6. Nge2 c5 7. h3 Nc6 8. O-O Rb8 9. d3 a6 10. a4 Nd4 11. Rb1 Bd7 12. Nxd4 cxd4 13. Ne2 Ne8 14. b4 a5 15. b5 Nc7 16. f4 Ne6 17. Bb2 Qb6 18. Kh2 Nc5 19. Nxd4 Nxa4 20. Qxa4 Bxd4 21. Bxd4 Qxd4 22. Qxa5 Rfc8 23. Rfd1 Ra8 24. Qd2 Ra3 25. Qb2 Qxb2 26. Rxb2 b6 27. Kg1 e5 28. Kf2 Kf8 29. Rdd2 Rca8 30. d4 exf4 31. gxf4 Bxh3 32. e5 Bxg2 33. Kxg2 Ke7 34. exd6+ Kxd6 35. c5+ bxc5 36. dxc5+ Kxc5 37. b6 Kc6 38. Rdc2+ Kb7 39. Rc7+ Kb8 40. Rxf7 Ra2 41. Rxa2 Rxa2+ 42. Kg3 Ra3+ 43. Kh4 h6 44. Kg4 Ra4 45. Kf3 g5 46. fxg5 1/2-1/2

[Event "DSOL 2021"]
[Site "Germany"]
[Date "2021.03.22"]
[Round "7.2"]
[White "Boettcher, Christian"]
[Black "Foerster, Erik"]
[Result "1-0"]
[WhiteElo "2196"]
[BlackElo "2065"]
[Annotator "TA"]
[PlyCount "91"]
[EventDate "2021.01.18"]
[EventType "team-tourn"]
[EventCountry "GER"]
[SourceTitle "playchess.com"]
[Source "ChessBase"]
[SourceQuality "1"]

1. e4 e6 2. d3 d5 3. Nd2 Nf6 4. Ngf3 c5 5. g3 Nc6 6. Bg2 Be7 7. O-O O-O 8. Re1 b5 9. e5 Nd7 10. Nf1 a5 11. h4 b4 12. Bf4 a4 13. a3 bxa3 14. bxa3 Rb8 15. Ne3 Ba6 16. h5 c4 17. d4 c3 18. Bf1 Bxf1 19. Kxf1 Na5 20. Qd3 Qc7 21. Bg5 Rfe8 22. Bxe7 Rxe7 23. Ng5 Nf8 24. Rab1 Ree8 25. Kg2 Rb2 26. h6 Reb8 27. Ra1 f5 28. hxg7 Qxg7 29. Nh3 Ng6 30. Kh2 Qc7 31. Nd1 Qc4 32. Qxc3 Qxc3 33. Nxc3 Rxc2 34. Nxa4 Nb3 35. Rab1 Ra8 36. Rxb3 Rxa4 37. Rd1 Ra2 38. Rdd3 h6 39. Kg2 Rc4 40. Rb8+ Kf7 41. Rb7+ Kg8 42. Rdb3 Nf8 43. Ra7 Rc8 44. a4 Rc4 45. a5 Rca4 46. Rb5 1-0

[Event "DSOL 2021"]
[Site "Germany"]
[Date "2021.03.22"]
[Round "7.2"]
[White "Richter, Georg"]
[Black "Pfrengle, Tim"]
[Result "1-0"]
[WhiteElo "2176"]
[BlackElo "2096"]
[Annotator "TA"]
[PlyCount "73"]
[EventDate "2021.01.18"]
[EventType "team-tourn"]
[EventCountry "GER"]
[SourceTitle "playchess.com"]
[Source "ChessBase"]
[SourceQuality "1"]

1. e4 e5 2. Nf3 Nc6 3. Bc4 Nf6 4. Nc3 Bc5 5. O-O a6 6. Nd5 d6 7. c3 Bg4 8. h3 Bh5 9. Nxf6+ gxf6 10. Kh2 Qd7 11. d3 Rg8 12. Nxe5 Nxe5 13. Qxh5 O-O-O 14. Bxa6 Qc6 15. Bc4 Nxc4 16. Qf5+ Kb8 17. dxc4 Rde8 18. Re1 Re5 19. Qxh7 Rge8 20. Bf4 Rxe4 21. Rxe4 Rxe4 22. Bg3 Re2 23. Qh8+ Ka7 24. Qxf6 Rxb2 25. h4 Qd7 26. Re1 Bb6 27. Re7 Qg4 28. Qxf7 Rb1 29. Qd5 Qg6 30. c5 Bxc5 31. Rxc7 Qc2 32. Rxc5 dxc5 33. Qxc5+ b6 34. Qc8 Qd1 35. Bb8+ Ka8 36. Bc7+ Ka7 37. c4 1-0

[Event "DSOL 2021"]
[Site "Germany"]
[Date "2021.03.26"]
[Round "7.2"]
[White "Schimnatkowski, Lukas"]
[Black "Sonnenschein, Philipp"]
[Result "1-0"]
[WhiteElo "2173"]
[BlackElo "2149"]
[Annotator "TA"]
[PlyCount "99"]
[EventDate "2021.01.18"]
[EventType "team-tourn"]
[EventCountry "GER"]
[SourceTitle "playchess.com"]
[Source "ChessBase"]
[SourceQuality "1"]
[WhiteTeam "SF Essen-Katernberg I"]
[BlackTeam "SV Dinslaken"]

1. e4 c6 2. d4 d5 3. f3 dxe4 4. fxe4 e5 5. Nf3 Bg4 6. Bc4 Nd7 7. c3 Bd6 8. O-O Ngf6 9. Bg5 h6 10. Be3 O-O 11. Nbd2 Qe7 12. Qc2 Rfe8 13. Rae1 Bxf3 14. Nxf3 exd4 15. Nxd4 Qxe4 16. Qb3 Nc5 17. Bxf7+ Kf8 18. Rxf6 Nxb3 19. Bxb3+ Ke7 20. Re6+ Kd7 21. Rxe4 Rxe4 22. Bc2 Re5 23. Bf2 Rxe1+ 24. Bxe1 Re8 25. Bg3 Bxg3 26. hxg3 Re1+ 27. Kf2 Ra1 28. Bb3 Rb1 29. Nf5 Rxb2+ 30. Kf3 a5 31. Nxg7 a4 32. Bg8 Ke7 33. Nf5+ Kf6 34. g4 Rc2 35. Nxh6 Rxc3+ 36. Kf4 b5 37. g5+ Kg7 38. Be6 Rc2 39. Nf5+ Kg6 40. Ne7+ Kg7 41. Nf5+ Kg6 42. Nh4+ Kg7 43. g6 Kf6 44. Bf7 Rf2+ 45. Ke3 Rb2 46. g4 Rh2 47. g5+ Kg7 48. Nf5+ Kf8 49. Be6 Ke8 50. g7 1-0

[Event "DSOL 2021"]
[Site "Germany"]
[Date "2021.03.23"]
[Round "7.2"]
[White "Bossy, Arnim"]
[Black "Kuever, Bastian"]
[Result "1/2-1/2"]
[WhiteElo "2170"]
[BlackElo "2071"]
[Annotator "RC"]
[PlyCount "94"]
[EventDate "2021.01.18"]
[EventType "team-tourn"]
[EventCountry "GER"]
[SourceTitle "playchess.com"]
[Source "ChessBase"]
[SourceQuality "1"]

1. d4 d5 2. Bf4 Bf5 3. e3 Nf6 4. c4 e6 5. Nc3 Bd6 6. Bg3 O-O 7. Nf3 c5 8. cxd5 Nxd5 9. Qb3 Bxg3 10. hxg3 Nxc3 11. Qxc3 cxd4 12. Nxd4 Bg6 13. Be2 Nd7 14. O-O Rc8 15. Qa3 a6 16. Rac1 Nf6 17. Rfd1 Qb6 18. Nb3 Rfd8 19. Rxd8+ Qxd8 20. Rxc8 Qxc8 21. Qc5 Qxc5 22. Nxc5 Be4 23. Bf3 Bxf3 24. gxf3 b6 25. Nxa6 Kf8 26. Nb4 Ke7 27. Kf1 Kd6 28. Ke2 h5 29. Nd3 e5 30. f4 exf4 31. Nxf4 g5 32. Nd3 h4 33. gxh4 gxh4 34. Nf4 Nd7 35. Kf3 Ne5+ 36. Kg2 f5 37. Kh3 Ng4 38. f3 Nxe3 39. Kxh4 Ke5 40. Kg5 Nd1 41. Nd3+ Kd4 42. Nb4 Ke3 43. f4 Ke4 44. b3 Nc3 45. Nc6 Nxa2 46. Ne7 Nc1 47. Nxf5 Nxb3 1/2-1/2

[Event "DSOL 2021"]
[Site "Germany"]
[Date "2021.03.25"]
[Round "7.2"]
[White "Gerland, Felix"]
[Black "Gallasch, Jonas"]
[Result "1-0"]
[WhiteElo "2169"]
[BlackElo "2112"]
[Annotator "TA"]
[PlyCount "145"]
[EventDate "2021.01.18"]
[EventType "team-tourn"]
[EventCountry "GER"]
[SourceTitle "playchess.com"]
[Source "ChessBase"]
[SourceQuality "1"]

1. c4 c5 2. Nf3 Nc6 3. Nc3 g6 4. g3 Bg7 5. Bg2 e6 6. O-O Nge7 7. e4 O-O 8. d3 d6 9. Bg5 Rb8 10. Qd2 a6 11. Rab1 b5 12. b3 b4 13. Ne2 e5 14. Ne1 f6 15. Bh6 f5 16. Bxg7 Kxg7 17. f4 fxe4 18. Bxe4 Bf5 19. Nf3 Qc7 20. Ng5 Qd7 21. fxe5 dxe5 22. Qe3 Qd6 23. Rbd1 Nd4 24. Nxd4 exd4 25. Qe2 Rbe8 26. Rde1 Nc6 27. g4 Bxe4 28. Nxe4 Qe7 29. Rxf8 Rxf8 30. Ng3 Qf6 31. Ne4 Qe5 32. Kg2 Nd8 33. Ng3 Qxe2+ 34. Rxe2 Kf7 35. Rf2+ Ke7 36. Rxf8 Kxf8 37. Kf3 Ke7 38. Kf4 Ne6+ 39. Ke5 Ng5 40. Kd5 Nf3 41. h3 Ne1 42. Kxc5 Nxd3+ 43. Kxd4 Nc1 44. Kc5 Nxa2 45. Ne4 h5 46. gxh5 gxh5 47. Ng3 a5 48. Kb5 Nc1 49. Ka4 Kf6 50. Nxh5+ Kg5 51. Ng7 Kf6 52. Ne8+ Ke7 53. Nc7 Kd6 54. Nd5 Kc5 55. h4 Nd3 56. Kxa5 Nc1 57. Ka4 Nd3 58. Nxb4 Nxb4 59. h5 Nc6 60. h6 Ne5 61. h7 Nf7 62. Ka5 Kc6 63. b4 Kb7 64. b5 Kc7 65. c5 Kb7 66. b6 Kb8 67. c6 Kc8 68. Kb4 Kb8 69. Kc5 Kc8 70. Kb5 Nh8 71. b7+ Kc7 72. Ka6 Kb8 73. Kb6 1-0

[Event "DSOL 2021"]
[Site "Germany"]
[Date "2021.03.24"]
[Round "7.2"]
[White "Weihrauch, Jakob"]
[Black "Schramm, Christian"]
[Result "1/2-1/2"]
[WhiteElo "2146"]
[BlackElo "1939"]
[Annotator "TA"]
[PlyCount "26"]
[EventDate "2021.01.18"]
[EventType "team-tourn"]
[EventCountry "GER"]
[SourceTitle "playchess.com"]
[Source "ChessBase"]
[SourceQuality "1"]

1. e4 e6 2. d4 d5 3. exd5 exd5 4. Nf3 Bd6 5. Bd3 Ne7 6. O-O O-O 7. Nbd2 Bf5 8. Bxf5 Nxf5 9. Re1 Nd7 10. Nf1 Re8 11. Ne3 Nxe3 12. Bxe3 Qf6 13. Qd3 c6 1/2-1/2

[Event "DSOL 2021"]
[Site "Germany"]
[Date "2021.03.26"]
[Round "7.2"]
[White "Rolf, Marco"]
[Black "Wiedenbruch, Paul"]
[Result "1-0"]
[WhiteElo "2113"]
[BlackElo "1894"]
[Annotator "TA"]
[PlyCount "99"]
[EventDate "2021.01.18"]
[EventType "team-tourn"]
[EventCountry "GER"]
[SourceTitle "playchess.com"]
[Source "ChessBase"]
[SourceQuality "1"]
[WhiteTeam "SK Gernsheim"]
[BlackTeam "Düsseldorfer SK I"]

1. d4 d5 2. c4 e6 3. Nc3 Nf6 4. cxd5 exd5 5. Bg5 Be7 6. Qc2 c6 7. e3 Nbd7 8. Bd3 Nh5 9. Bxe7 Qxe7 10. Nge2 g6 11. O-O-O Nb6 12. Ng3 Ng7 13. e4 Be6 14. Rhe1 O-O-O 15. Kb1 Kb8 16. exd5 Nxd5 17. Nxd5 Rxd5 18. Bc4 Rd7 19. d5 cxd5 20. Bxd5 Rhd8 21. Bxe6 Nxe6 22. Ne4 Qb4 23. Nc3 Qh4 24. h3 Qg5 25. g3 Rxd1+ 26. Rxd1 Rxd1+ 27. Nxd1 Qe5 28. Ne3 f5 29. Qd3 Qd4 30. Qxd4 Nxd4 31. Nd5 Nf3 32. Nf6 h5 33. Kc2 Kc7 34. Nd5+ Kd6 35. Nf4 Ng5 36. h4 Ne4 37. Nxg6 Nxf2 38. Nf4 Ke5 39. Nxh5 Ke4 40. Nf6+ Ke5 41. Nd7+ Kd6 42. Nf6 Ke5 43. Nh5 Ne4 44. Kd3 b5 45. Ke3 a5 46. Kf3 b4 47. Nf4 a4 48. Nd3+ Kd4 49. Nxb4 Nd2+ 50. Kf4 1-0

[Event "DSOL 2021"]
[Site "Germany"]
[Date "2021.03.22"]
[Round "7.2"]
[White "Meyer-Dunker, Paul"]
[Black "Juelg, Gabriel"]
[Result "1-0"]
[WhiteElo "2112"]
[BlackElo "1631"]
[Annotator "TA"]
[PlyCount "77"]
[EventDate "2021.01.18"]
[EventType "team-tourn"]
[EventCountry "GER"]
[SourceTitle "playchess.com"]
[Source "ChessBase"]
[SourceQuality "1"]

1. e4 c5 2. Nf3 e6 3. d4 cxd4 4. Nxd4 a6 5. Bd3 Bc5 6. Nb3 Ba7 7. Nc3 Nc6 8. O-O Nf6 9. Qe2 d6 10. Be3 O-O 11. f4 e5 12. Bxa7 Rxa7 13. f5 b5 14. a4 b4 15. Nd5 a5 16. Nxf6+ Qxf6 17. Rad1 Ne7 18. Qe3 Ra8 19. Qb6 d5 20. Qxf6 gxf6 21. exd5 Rd8 22. Be4 Rd6 23. c4 bxc3 24. bxc3 Ba6 25. Rf2 Bc4 26. Nc5 Ra7 27. Rb2 Nxd5 28. Rbd2 Rc7 29. Bxd5 Rxc5 30. Bxf7+ Bxf7 31. Rxd6 Bb3 32. Rb1 Rxc3 33. Rxf6 Bxa4 34. Rb7 Rc6 35. Rff7 Rc8 36. Rg7+ Kh8 37. Rxh7+ Kg8 38. Rbg7+ Kf8 39. f6 1-0

[Event "DSOL 2021"]
[Site "Germany"]
[Date "2021.03.26"]
[Round "7.2"]
[White "Matthey, Harald"]
[Black "Charmeteau, Sven"]
[Result "0-1"]
[WhiteElo "2104"]
[BlackElo "2346"]
[Annotator "ChessBase"]
[PlyCount "104"]
[EventDate "2021.01.18"]
[EventType "team-tourn"]
[EventCountry "GER"]
[SourceTitle "playchess.com"]
[Source "ChessBase"]
[SourceQuality "1"]
[WhiteTeam "SK Dessau I"]
[BlackTeam "SV Werder Bremen II"]

1. e4 c5 2. Nc3 Nc6 3. Nge2 e5 4. Nd5 Nge7 5. Nec3 Nxd5 6. Nxd5 d6 7. Bc4 Be7 8. O-O O-O 9. c3 Bg5 10. d3 Na5 11. f4 exf4 12. Bxf4 Be6 13. Qh5 h6 14. Bxg5 Qxg5 15. Qxg5 hxg5 16. Nc7 Bxc4 17. dxc4 Rac8 18. Nb5 Rfd8 19. b3 a6 20. Na3 Re8 21. Rfe1 Re6 22. Rad1 Rce8 23. Kf2 Kf8 24. Rd5 f6 25. Nc2 Nc6 26. h3 Ne5 27. Ne3 Nf7 28. Nf5 g6 29. Ng3 f5 30. b4 cxb4 31. cxb4 f4 32. Nf1 Rxe4 33. Rxe4 Rxe4 34. Nd2 Re3 35. Nb3 Ke7 36. b5 Ne5 37. bxa6 bxa6 38. c5 Nd3+ 39. Kg1 dxc5 40. Nxc5 Re1+ 41. Kh2 Nf2 42. g3 Re2 43. gxf4 gxf4 44. a4 Ng4+ 45. Kg1 Ne3 46. Re5+ Kd6 47. Nd3 Rg2+ 48. Kh1 Rd2 49. Ra5 Rxd3 50. Rxa6+ Ke5 51. Rxg6 f3 52. Kg1 Rd2 0-1

[Event "DSOL 2021"]
[Site "Germany"]
[Date "2021.03.22"]
[Round "7.2"]
[White "Koch, Yannick"]
[Black "Stanke, Juergen"]
[Result "1-0"]
[WhiteElo "2086"]
[BlackElo "2271"]
[Annotator "TA"]
[PlyCount "99"]
[EventDate "2021.01.18"]
[EventType "team-tourn"]
[EventCountry "GER"]
[SourceTitle "playchess.com"]
[Source "ChessBase"]
[SourceQuality "1"]

1. d4 d5 2. c4 e6 3. Nc3 Nf6 4. cxd5 exd5 5. Bg5 Nbd7 6. e3 Be7 7. Bd3 c6 8. Nge2 h6 9. Bh4 Nh5 10. Bxe7 Qxe7 11. Qc2 Nb6 12. O-O-O Bd7 13. Kb1 O-O-O 14. Rc1 Kb8 15. Na4 Nxa4 16. Qxa4 Rhe8 17. Qa5 Nf6 18. Ng3 g6 19. Rc3 b6 20. Rb3 Bc8 21. Rc1 Bb7 22. Qa4 h5 23. Ra3 Ba8 24. Ka1 Rd7 25. b4 Rc7 26. Rac3 Rec8 27. Nf1 Ne8 28. Nd2 Nd6 29. Qa3 Bb7 30. Qb3 g5 31. a4 a6 32. Kb2 g4 33. g3 Qf6 34. R1c2 Ka7 35. b5 c5 36. bxa6 Ba8 37. Bb5 c4 38. Qa3 Qe6 39. Qb4 f5 40. Rc1 Rb8 41. Ra1 Ne4 42. Nxe4 fxe4 43. Rac1 Rf7 44. R3c2 Rbf8 45. Rf1 Rf6 46. a5 R8f7 47. Kc3 bxa5 48. Qxa5 Qb6 49. Qa4 Bc6 50. Rb2 1-0

[Event "DSOL 2021"]
[Site "Germany"]
[Date "2021.03.23"]
[Round "7.2"]
[White "Kornitzky, Tino"]
[Black "Lagunow, Raphael"]
[Result "1/2-1/2"]
[WhiteElo "2083"]
[BlackElo "2378"]
[Annotator "TA"]
[PlyCount "58"]
[EventDate "2021.01.18"]
[EventType "team-tourn"]
[EventCountry "GER"]
[SourceTitle "playchess.com"]
[Source "ChessBase"]
[SourceQuality "1"]

1. d4 d5 2. c4 e6 3. g3 Nf6 4. Bg2 dxc4 5. Nf3 Bb4+ 6. Bd2 a5 7. O-O O-O 8. Qc2 Bxd2 9. Nbxd2 b5 10. b3 cxb3 11. Nxb3 Bb7 12. Nc5 Bd5 13. e4 Bc4 14. Rfd1 Na6 15. Nxa6 Rxa6 16. a4 c6 17. Ne5 Rb6 18. Nxc4 bxc4 19. Qxc4 Rb4 20. Qxc6 Rxd4 21. Bf3 e5 22. Rxd4 Qxd4 23. Rd1 Qb4 24. Kg2 h6 25. h4 Rb8 26. Qc7 Re8 27. Qc6 Rb8 28. Qc7 Re8 29. Qc6 Rb8 1/2-1/2

[Event "DSOL 2021"]
[Site "Germany"]
[Date "2021.03.25"]
[Round "7.2"]
[White "Adamowicz, Katarzyna"]
[Black "Laux, Dominik"]
[Result "0-1"]
[WhiteElo "2082"]
[BlackElo "2085"]
[Annotator "TA"]
[PlyCount "70"]
[EventDate "2021.01.18"]
[EventType "team-tourn"]
[EventCountry "GER"]
[SourceTitle "playchess.com"]
[Source "ChessBase"]
[SourceQuality "1"]

1. e4 c6 2. d4 d5 3. Nc3 dxe4 4. Nxe4 Bf5 5. Ng3 Bg6 6. h4 h6 7. h5 Bh7 8. Nf3 Nd7 9. Bd3 Bxd3 10. Qxd3 e6 11. Bf4 Qa5+ 12. Bd2 Bb4 13. c3 Be7 14. c4 Qc7 15. Qe2 Ngf6 16. O-O-O O-O 17. Ne5 b5 18. f4 bxc4 19. Qxc4 c5 20. Kb1 Rac8 21. Rc1 Qb7 22. Ng6 fxg6 23. Qxe6+ Kh8 24. Qxe7 Qxg2 25. hxg6 Qxg3 26. Rcg1 Qd3+ 27. Ka1 Rce8 28. Qd6 Qxd2 29. Rxh6+ Kg8 30. Rhh1 Re2 31. Rb1 Qxd4 32. Qa6 Rfe8 33. Qa3 R2e3 34. Qxa7 Qxf4 35. Qb7 Qe4 0-1

[Event "DSOL 2021"]
[Site "Germany"]
[Date "2021.03.23"]
[Round "7.2"]
[White "Bohnhoff, Peter"]
[Black "Nguyen Luu, Truong-Son"]
[Result "1-0"]
[WhiteElo "2078"]
[BlackElo "2133"]
[Annotator "TA"]
[PlyCount "83"]
[EventDate "2021.01.18"]
[EventType "team-tourn"]
[EventCountry "GER"]
[SourceTitle "playchess.com"]
[Source "ChessBase"]
[SourceQuality "1"]

1. Nf3 c5 2. c4 Nc6 3. Nc3 Nf6 4. e3 e6 5. d4 d5 6. cxd5 exd5 7. Bb5 a6 8. Bxc6+ bxc6 9. O-O Bd6 10. dxc5 Bxc5 11. b3 Bg4 12. Bb2 O-O 13. Rc1 Bd6 14. h3 Bh5 15. Na4 Rc8 16. Qd3 Bxf3 17. gxf3 Nh5 18. Qd4 f5 19. f4 Qh4 20. Rxc6 Rxc6 21. Qxd5+ Kh8 22. Qxc6 Bxf4 23. Qg2 Rg8 24. Rd1 Bh6 25. Nc5 f4 26. e4 Qe7 27. b4 Nf6 28. f3 Nh5 29. Rd7 Qh4 30. Bc3 Nf6 31. Rd6 Rc8 32. Rxa6 Rd8 33. Ra7 Ne8 34. Kh2 Qh5 35. Ne6 Rd6 36. Nd4 Rg6 37. Qf1 Qh4 38. Nf5 Qg5 39. Ra8 Re6 40. Qg2 Kg8 41. Qxg5 Bxg5 42. Nxg7 1-0

[Event "DSOL 2021"]
[Site "Germany"]
[Date "2021.03.25"]
[Round "7.2"]
[White "Leibovitch, Iziaslav"]
[Black "Gauer, Manuel"]
[Result "0-1"]
[WhiteElo "2074"]
[BlackElo "1963"]
[Annotator "TA"]
[PlyCount "68"]
[EventDate "2021.01.18"]
[EventType "team-tourn"]
[EventCountry "GER"]
[SourceTitle "playchess.com"]
[Source "ChessBase"]
[SourceQuality "1"]

1. Nf3 d5 2. g3 Nf6 3. Bg2 c6 4. O-O Bg4 5. h3 Bh5 6. d3 e6 7. Nbd2 Be7 8. e4 O-O 9. Re1 h6 10. e5 Nfd7 11. Nf1 c5 12. g4 Bg6 13. Ng3 Nc6 14. Qe2 b5 15. Bf4 a5 16. c3 c4 17. d4 b4 18. Qd2 a4 19. a3 bxa3 20. bxa3 Rb8 21. Ne2 Rb3 22. Qc1 Qa5 23. Bxh6 gxh6 24. Qxh6 Rfb8 25. Nf4 Nf8 26. h4 Qxc3 27. Rac1 Qb2 28. Ng5 Bxg5 29. Qxg5 Nxd4 30. h5 Nh7 31. Qh6 Be4 32. Rcd1 Nf3+ 33. Bxf3 Rxf3 34. Re2 Qxe5 0-1

[Event "DSOL 2021"]
[Site "Germany"]
[Date "2021.03.26"]
[Round "7.2"]
[White "Magnussen, Helge"]
[Black "Kaiser, Martin"]
[Result "1-0"]
[WhiteElo "2074"]
[BlackElo "2136"]
[Annotator "TA"]
[PlyCount "47"]
[EventDate "2021.01.18"]
[EventType "team-tourn"]
[EventCountry "GER"]
[SourceTitle "playchess.com"]
[Source "ChessBase"]
[SourceQuality "1"]
[WhiteTeam "SC Wrist-Kellinghusen"]
[BlackTeam "SC Weisse Dame"]

1. d4 Nf6 2. c4 e6 3. g3 d5 4. Nf3 Be7 5. Bg2 O-O 6. Qc2 b6 7. O-O Ba6 8. cxd5 exd5 9. Bf4 c5 10. dxc5 bxc5 11. Rd1 Nc6 12. Nc3 d4 13. Ng5 Nb4 14. Qa4 Qb6 15. Bxa8 Rxa8 16. a3 Nc6 17. Nce4 Bxe2 18. Re1 Bb5 19. Qb3 c4 20. Qf3 Nxe4 21. Rxe4 Qc5 22. Rxe7 Qxe7 23. a4 Rc8 24. axb5 1-0

[Event "DSOL 2021"]
[Site "Germany"]
[Date "2021.03.25"]
[Round "7.2"]
[White "Hohlbein, Michael"]
[Black "Wilting, Alexander"]
[Result "1-0"]
[WhiteElo "2066"]
[BlackElo "2072"]
[Annotator "TA"]
[PlyCount "42"]
[EventDate "2021.01.18"]
[EventType "team-tourn"]
[EventCountry "GER"]
[SourceTitle "playchess.com"]
[Source "ChessBase"]
[SourceQuality "1"]

1. e4 e5 2. Bc4 Nf6 3. d4 exd4 4. Nf3 Be7 5. e5 Ne4 6. Qxd4 Nc5 7. Qg4 g6 8. Qf4 O-O 9. Qh6 Ne6 10. Bxe6 fxe6 11. Ng5 Bxg5 12. Bxg5 Qe8 13. Nc3 Qf7 14. f4 d5 15. O-O-O Nd7 16. g4 b6 17. Rhe1 Bb7 18. f5 gxf5 19. gxf5 Qxf5 20. Rg1 Kh8 21. Bf6+ Nxf6 1-0